วิทยาลัยพยาบาลบรมราชชนนี ยะลา
ระบบห้องสมุดอัตโนมัติ ULIBM BCNYALA - V.6
เปลี่ยนเป็นภาษาไทย

Change to English
 แสดงรายละเอียดบรรณานุกรม
  กลับหน้าหลัก

Brief Record : Get Marc (ISO 2709) : E-mail record : QR code ปิดหน้าต่าง
พยาบาลกับการจัดการความปวด Review โดย
ใช้งานได้ทุกระบบ
ห้องสมุดวพบ.ยะลา
ใช้งานได้ทุกระบบ เมื่อ17/มีนาคม/2569
สารบัญ
  • บทที่ 1 เรื่อง  แนวคิดความปวด
  • บทที่ 2 เรื่อง  การจัดการความปวดโดยการใช้ยา
  • บทที่ 3 เรื่อง  การจัดการความปวดโดยการไม่ใช้ยา
  • บทที่ 4 บทบาทพยาบาลในยุค Thailand 4.0 ต่อการจัดการและดูแลผู้ที่มีความปวด
  • บทที่ 5  การจัดการความปวดจากงานวิจัยสู่การปฏิบัติการพยาบาล : นวัตกรรมการจัดการความปวดของพยาบาลประเทศไทย ในยุค 4.0
  • บทที่ 6 อยู่กับความปวด อย่างมีความสุข

E-books : เกี่ยวกับ Collections
LEADER 00000nam 2200000uu 4500
001    3823
003     ULIBM
008    260317s2568||||th 000 0 tha d
020    ^a9786166234817
060  0 ^aWY87^bป133พ
100 0  ^aปชาณัฏฐ์ นันไทยทวีกุล
245 00 ^aพยาบาลกับการจัดการความปวด=^bNurse and Pain Management/^cปชาณัฏฐ์ นันไทยทวีกุล
246 00 ^aNurse and Pain Management
250    ^aพิมพ์ครั้งที่ 1
260    ^aกรุงเทพฯ :^bทริปเปิลครีเอทีฟ,^c2568.
300    ^aก-ซ,155 หน้า :^bภาพประกอบ ;^c25 ซม.
650  7 ^aความเจ็บปวด ^xการดูแล
650  7 ^aพยาบาล
999    ^aฮัซวานี
รายการนี้ยังไม่มีแท็ก
คุณยังไม่ได้ล็อกอิน คุณสามารถมีกิจกรรมร่วมกับเว็บไซต์ได้ แต่ต้องล็อกอินก่อน ::
  ล็อกอิน
ลำดับที่ ประเภท เลขเรียก สถานที่ สถานะ
1. หนังสือทางการพยาบาล
หนังสือสำรอง
สถานะ=หนังสือสำรอง
WY87 ป133พ 2568 ฉ.1 
  
ห้องสมุดวพบ.ยะลา
►หนังสือสำรอง
On Shelf
  ขอยืม
2. หนังสือทางการพยาบาล
หนังสือทางการพยาบาล
WY87 ป133พ 2568 ฉ.2 
  
ห้องสมุดวพบ.ยะลา
►หนังสือ ตำรา ทางการพยาบาล
On Shelf
  ขอยืม
3. หนังสือทางการพยาบาล
หนังสือทางการพยาบาล
WY87 ป133พ 2568 ฉ.3 
  
ห้องสมุดวพบ.ยะลา
►หนังสือ ตำรา ทางการพยาบาล
On Shelf
  ขอยืม
4. หนังสือทางการพยาบาล
หนังสือทางการพยาบาล
WY87 ป133พ 2568 ฉ.4 
  
ห้องสมุดวพบ.ยะลา
►หนังสือ ตำรา ทางการพยาบาล
On Shelf
  ขอยืม
5. หนังสือทางการพยาบาล
หนังสือทางการพยาบาล
WY87 ป133พ 2568 ฉ.5 
  
ห้องสมุดวพบ.ยะลา
►หนังสือ ตำรา ทางการพยาบาล
On Shelf
  ขอยืม
   [แสดง 5/5 รายการ]

รายการใกล้เคียง
    หัวเรื่อง [พยาบาล]

BibComment


ยังไม่เคยถูกคอมเมนท์

คอมเมนท์ทรัพยากรรายการนี้
  คอมเมนท์: พยาบาลกับการจัดก..
Bib 3823

 
 
 

 Union Library Management : ULibM

ดูหนังออนไลน์

Copyright 2026. All Rights Reserved.